| 000 | 02646cam0 2200613 ib4500 | ||
|---|---|---|---|
| 001 | BY-BR0006-br123321 | ||
| 005 | 20260428102721.0 | ||
| 010 |
^a978-985-34-0227-8 ^bу пераплеце |
||
| 035 | ^a(BY-MI0011)BY-BR0006-br123321 | ||
| 035 | ^a(BY-MI0000)BY-BR0006-br123321 | ||
| 100 | ^a20251216d2025 adey0bely50 ca | ||
| 101 | 0 | ^abel | |
| 102 | ^aBY | ||
| 105 | ^ay z 010ay | ||
| 109 | ^ama | ||
| 181 | 0 | ^ai4 | |
| 182 | 0 | ^an | |
| 200 | 1 |
^aАповесці ^e[для сярэдняга і старэйшага школьнага ўзросту] ^fУладзімір Караткевіч |
|
| 203 |
^aТэкст ^cнепасрэдны |
||
| 210 |
^aМінск ^cАдукацыя і выхаванне ^d2025 |
||
| 215 |
^a455, [1] с. ^d22 см |
||
| 225 | 1 | ^aЧытай і слухай | |
| 300 | ^aСЗЛ | ||
| 327 | 0 | ^aЗмест: Дзікае паляванне караля Стаха ; Сівая легенда ; Ладдзя роспачы ; Чазенія ; Лісце каштанаў | |
| 333 | ^a12+ | ||
| 345 | ^9800 экз. | ||
| 464 | 0 |
^12001 ^aДзікае паляванне караля Стаха |
|
| 464 | 0 |
^12001 ^aСівая легенда |
|
| 464 | 0 |
^12001 ^aЛаддзя роспачы |
|
| 464 | 0 |
^12001 ^aЧазенія |
|
| 464 | 0 |
^12001 ^aЛісце каштанаў |
|
| 606 |
^aБЕЛАРУСКАЯ ЛІТАРАТУРА ^3BY-NLB-ar3724 ^2DVNLB |
||
| 606 |
^aКЛАСІКА ^3BY-NLB-ar43789 ^2DVNLB |
||
| 608 |
^aДЕТСКАЯ И ЮНОШЕСКАЯ ЛИТЕРАТУРА (художеств. произведение) ^3BY-NLB-ar9019 ^2BYGNR |
||
| 608 |
^aДЗІЦЯЧАЯ І ЮНАЦКАЯ ЛІТАРАТУРА (мастацкі твор) ^3BY-NLB-ar9020 ^2BYGNR |
||
| 608 |
^aАПАВЯДАННЕ (літ. твор) ^3BY-NLB-ar27476 ^2BYGNR |
||
| 608 |
^aПОВЕСТЬ ^3BY-NLB-ar23936 ^2BYGNR |
||
| 615 |
^aБелорусский национальный документ ^3BY-SEK-ar1826174 |
||
| 686 |
^a84(4Беі)-4 ^2rubbk |
||
| 690 |
^a1 ^2Base ^9BY-MI0000 ^xRSEK |
||
| 700 | 1 |
^aКараткевіч ^bУ. С. ^3BY-NLB-ar94975 |
|
| 801 | 0 |
^aBY ^bBY-BR0006 ^c20251216 ^gRCR |
|
| 801 | 2 |
^aBY ^bBY-BR0000 ^c20260213 ^gRCR |
|
| 801 | 2 |
^aBY ^bBY-MI0011 ^c20260303 ^gRCR |
|
| 801 | 2 |
^aBY ^bBY-MI0000 ^c20260417 ^gRCR |
|
| 899 | 0 |
^aBY-MI0000 ^iК21 ^h84(4Беі) |
|